Response to james svara and james brunet regarding social equity (Record no. 515053)
[ view plain ]
| 000 -LEADER | |
|---|---|
| fixed length control field | 00524nam a22001457a 4500 |
| 008 - FIXED-LENGTH DATA ELEMENTS--GENERAL INFORMATION | |
| fixed length control field | 210109b ||||| |||| 00| 0 eng d |
| 100 ## - MAIN ENTRY--PERSONAL NAME | |
| Personal name | Durant, Robert F. |
| 245 ## - TITLE STATEMENT | |
| Title | Response to james svara and james brunet regarding social equity |
| 260 ## - PUBLICATION, DISTRIBUTION, ETC. (IMPRINT) | |
| Place of publication, distribution, etc | American Review of Public Administration |
| 300 ## - PHYSICAL DESCRIPTION | |
| Extent | 50(4-5), May-Jul: p.358-359 |
| 650 ## - SUBJECT ADDED ENTRY--TOPICAL TERM | |
| Topical term or geographic name as entry element | Social equity, Democratic governance |
| 9 (RLIN) | 20138 |
| 773 ## - HOST ITEM ENTRY | |
| Main entry heading | American Review of Public Administration |
| 906 ## - LOCAL DATA ELEMENT F, LDF (RLIN) | |
| Subject DIP | SOCIAL EQUITY - DEMOCRATIC GOVERNANCE |
| 942 ## - ADDED ENTRY ELEMENTS (KOHA) | |
| Item type | Articles |
No items available.
